| 000 | 00450nam a2200121Ia 4500 | ||
|---|---|---|---|
| 008 | 220616s9999||||xx |||||||||||||| ||und|| | ||
| 245 | 0 |
_aMedical Imaging Systems _bAn Introductory Guide |
|
| 546 | _aEnglish[eng] | ||
| 650 | _aComputer science||Optical data processing | ||
| 700 | _aMaier, Andreas||Steidl, Stefan||Christlein, Vincent||Hornegger, Joachim | ||
| 856 | _uhttps://library.oapen.org/bitstream/20.500.12657/23315/1/1006840.pdf | ||
| 942 | _cEB | ||
| 999 |
_c20305 _d20305 |
||